N=4 суперконформная алгебра в искривленном пространстве и псевдогиперкэлерова геометрия; Теоретическая и математическая физика; Т. 138, № 1

Библиографические подробности
Источник:Теоретическая и математическая физика: научный журнал/ Российская академия наук (РАН).— , 1969-.— 0564-6162
Т. 138, № 1.— 2004.— С. 104-115
Главный автор: Галажинский А. В. Антон Владимирович
Другие авторы: Мягкий А. Н. Александр Николаевич
Примечания:В предложении минимального взаимодействия построено представление N = 4 малой суперконформной алгебры в искревленом пространстве. Установлено, что в рамках указанного предположения структурные соотношения алгебры выполнены на фоне метрики псевдогиперкэлерова многообразия
Язык:русский
Опубликовано: 2004
Предметы:
Формат: Статья
Запись в KOHA:https://koha.lib.tpu.ru/cgi-bin/koha/opac-detail.pl?biblionumber=437317

MARC

LEADER 00000naa2a2200000 4500
001 437317
005 20240123141808.0
035 |a (RuTPU)RU\TPU\prd\98485 
090 |a 437317 
100 |a 20110207a2004 k y0rusy50 ca 
101 0 |a rus 
102 |a RU 
200 1 |a N=4 суперконформная алгебра в искривленном пространстве и псевдогиперкэлерова геометрия  |f А. В. Галажинский, А. Н. Мягкий 
330 |a В предложении минимального взаимодействия построено представление N = 4 малой суперконформной алгебры в искревленом пространстве. Установлено, что в рамках указанного предположения структурные соотношения алгебры выполнены на фоне метрики псевдогиперкэлерова многообразия 
461 0 |0 (RuTPU)RU\TPU\prd\1730  |x 0564-6162  |t Теоретическая и математическая физика  |o научный журнал  |f Российская академия наук (РАН)  |d 1969- 
463 0 |0 (RuTPU)RU\TPU\prd\23385  |t Т. 138, № 1  |v С. 104-115  |d 2004 
610 1 |a труды учёных ТПУ 
700 1 |a Галажинский  |b А. В.  |c физик  |c доктор физико-математических наук, профессор кафедры высшей математики и математической физики физико-технического института (ВМиМФ ФТИ) Томского политехнического университета  |f 1971-  |g Антон Владимирович  |3 (RuTPU)RU\TPU\pers\26711  |4 070  |9 12369 
701 1 |a Мягкий  |b А. Н.  |c физик  |c доцент Томского политехнического университета, кандидат физико-математических наук  |f 1976-  |g Александр Николаевич  |3 (RuTPU)RU\TPU\pers\26411  |9 12115 
801 1 |a RU  |b 63413507  |c 20110207 
801 2 |a RU  |b 63413507  |c 20160421  |g RCR 
942 |c BK